Organizational behaviour : emerging realities for the workplace revolution

Bibliographic Details
Main Authors: McShane, Steven L. (Author), Von Glinov, Mary Ann (Author)
Format: Book
Language:English
Published: New York : Mc Graw-Hill 2003
Edition:Second edition
Subjects:

MARC

LEADER 00000cam a2200000 7i4500
001 0000012502
005 20241021.0
008 030910 nyua eng
020 |a 0072470089 
040 |a INS   |b eng   |e rda 
090 0 0 |a HD58.7   |b .M42 2003 
100 1 |a McShane, Steven L. ,   |e author 
245 1 0 |a Organizational behaviour :   |b emerging realities for the workplace revolution   |c Steven L. McShane, Mary Ann Von Glinov 
250 |a Second edition 
264 1 |a New York :   |b Mc Graw-Hill   |c 2003 
300 |a xxx, 690 pages :   |b colour illustrations ;   |c 26 cm. 
336 |a text  |2 rdacontent 
337 |a unmediated  |2 rdamedia 
338 |a volume  |2 rdacarrier 
504 |a Includes bibliographical references and index 
650 0 |a Organizational behaviour 
700 1 |a Von Glinov, Mary Ann ,   |e author 
999 |a 0000012981   |b BOOK   |c Open Shelf   |e Default branch